Online Catalogue and eLibrary

Women in Classless Society (Record no. 1700)

MARC details
000 -LEADER
fixed length control field 00514nam a2200205Ia 4500
005 - DATE AND TIME OF LATEST TRANSACTION
control field 20250206050206.0
008 - FIXED-LENGTH DATA ELEMENTS--GENERAL INFORMATION
fixed length control field 240331s9999 xx 000 0 und d
020 ## - INTERNATIONAL STANDARD BOOK NUMBER
ISBN 0853454159
082 ## - DDC Classification
Item Number - Author Mark SAF
DDC Edition Number 256
Class No. 305.4
100 ## - MAIN ENTRY--PERSONAL NAME
Personal name Saffioti, H. I. B
245 #0 - TITLE STATEMENT
Title Women in Classless Society
260 ## - PUBLICATION, DISTRIBUTION, ETC.
Place of publication, distribution, etc. New York;
-- London
Name of publisher, distributor, etc. Monthly Review Press
Date of publication, distribution, etc. 1978
300 ## - PHYSICAL DESCRIPTION
Extent (e.g. Volumes, Pages etc.) xxiv, 378 p.,
650 ## - SUBJECT ADDED ENTRY--TOPICAL TERM
Topical term or geographic name entry element Women
650 ## - SUBJECT ADDED ENTRY--TOPICAL TERM
Topical term or geographic name entry element Classless Society
650 ## - SUBJECT ADDED ENTRY--TOPICAL TERM
Topical term or geographic name entry element Capitalism
650 ## - SUBJECT ADDED ENTRY--TOPICAL TERM
Topical term or geographic name entry element Socialism
650 ## - SUBJECT ADDED ENTRY--TOPICAL TERM
Topical term or geographic name entry element History
942 ## - Koha item type (Biblio)
Koha item type Books in Stacks (Lending)
Holdings
Lost status Damaged status Collection code Home library Current library Shelving location Date acquired Full call number Accession Number Item type
    Lending WERC Library WERC Library Social Science Cupboard 03/31/2024 305.4 SAF 256 Books in Stacks (Lending)

© WERC Library